| 000 | 00501nam a2200181Ia 4500 | ||
|---|---|---|---|
| 005 | 20250326123728.0 | ||
| 008 | 250326s9999 xx 000 0 und d | ||
| 037 | _aTextbook | ||
| 040 |
_aFMSL _beng _cFMSL |
||
| 041 |
_aeng _2eng |
||
| 084 |
_aX:8D P0 _qFMSL |
||
| 100 |
_aRao P M _9735151 |
||
| 245 | 0 |
_aFicial reporting and disclosure practices _cRao P M |
|
| 260 |
_aNew Delhi _bNew Delhi, Deep & Deep _c2000 |
||
| 300 | _a369p | ||
| 942 |
_cTB _hX:8D P0 |
||
| 999 |
_c1270690 _d1270690 |
||